Enseñanza de la lengua indígena como lengua meterna.
محفوظ في:
| المؤلف الرئيسي: | |
|---|---|
| مؤلفون آخرون: | , |
| التنسيق: | كتاب |
| اللغة: | الإسبانية |
| الموضوعات: | |
| الوسوم: |
لا توجد وسوم, كن أول من يضع وسما على هذه التسجيلة!
|
MARC
| LEADER | 00000nam^a2200000^u^4500 | ||
|---|---|---|---|
| 001 | 000503037 | ||
| 005 | 20250521000000.0 | ||
| 008 | 080704s1000^^^^^^^^^^^^r^^^^^000^0^spa^d | ||
| 009 | 20260310125842.071 | ||
| 035 | |a FCE 000047239 | ||
| 037 | |a Acervo ITESO - Biblioteca | ||
| 041 | |a spa | ||
| 082 | 0 | 4 | |a 371.97 |b GALe |
| 100 | |a Galdames, Viviana |e (autor) | ||
| 245 | 1 | 0 | |a Enseñanza de la lengua indígena como lengua meterna. |
| 264 | |a México: |b PROEIB: InWent: |c 2006. | ||
| 300 | |a 248 p. | ||
| 336 | |a texto |b txt |2 rdacontenido | ||
| 337 | |a sin mediación |b n |2 rdamedio | ||
| 338 | |a volumen |b nc |2 rdasoporte | ||
| 649 | |a XX | ||
| 650 | |a Lectura | ||
| 650 | |a Lenguaje | ||
| 650 | |a Educación bilingüe | ||
| 650 | |a Enseñanza de la lengua | ||
| 650 | |a Lengua materna | ||
| 650 | |a Expresión oral | ||
| 650 | |a Educación intercultural | ||
| 700 | |a Walqui, Aida |e (autor) | ||
| 700 | |a Gustafson, Bret |e (autor) | ||
| 910 | |a Fondo Centro de Estudios Educativos | ||
| 920 | |a Impresos - Libros | ||
| 930 | |a Fondos Especiales | ||
| 905 | |a 133 | ||
| 901 | |a ALE063376 |b IT2 |c CEE |u 20250521 | ||
| 902 | |a https://opac.biblio.iteso.mx/vufind/Record/000503037 | ||